=LDR 00000nam 2200000 4500 =001 INLIS000000000053387 =005 20181001104422 =035 ##$$a 0010-1018000002 =007 ta =008 181001###########################0#eng## =020 ##$$a 0 7089 8068 6 =082 ##$$a 823 =084 ##$$a 823 LAW a =100 #$$a Lawrence, D. h =245 1#$$a Aaron's rod : $b Complete and unabridge /$c Lawrence, D. h =260 ##$$a [Sl] :$b F.a thorpe publishing,$c [Sa] =300 ##$$a 471 hlm ; $c 21 cm =990 ##$$a 78687868 =990 ##$$a 01201807868